¡Haz reír, haz reír! (Record no. 184754)

MARC details
000 -LEADER
campo de control de longitud fija 01361nam a2200325 i 4500
001 - NÚMERO DE CONTROL
campo de control 184754
003 - IDENTIFICADOR DE NÚMERO DE CONTROL
campo de control ES-MaACL
005 - FECHA Y HORA DE LA ÚLTIMA TRANSACCIÓN
campo de control 20231222063114.0
008 - DATOS DE LONGITUD FIJA--INFORMACIÓN GENERAL
campo de control de longitud fija 151127s2015 sp afp |||| |bspa d
020 ## - NÚMERO INTERNACIONAL ESTÁNDAR DEL LIBRO
Número Internacional Estándar del Libro 978-84-8472-543-5
080 ## - NÚMERO DE LA CLASIFICACIÓN DECIMAL UNIVERSAL
Número de la Clasificación Decimal Universal 929 Jardiel Poncela, Enrique
080 ## - NÚMERO DE LA CLASIFICACIÓN DECIMAL UNIVERSAL
Número de la Clasificación Decimal Universal 821.134.2 Jardiel Poncela, Enrique 1.07
100 1# - ENTRADA PRINCIPAL--NOMBRE DE PERSONA
Nombre de persona Olmos, Víctor,
Fechas asociadas al nombre 1935-
9 (RLIN) 86991
245 11 - MENCIÓN DEL TÍTULO
Título ¡Haz reír, haz reír!
Resto del título : vida y obra de Enrique Jardiel Poncela /
Mención de responsabilidad, etc. Víctor Olmos.
260 ## - PUBLICACIÓN, DISTRIBUCIÓN, ETC.
Lugar de publicación, distribución, etc. Valencina de la Concepción, Sevilla :
Nombre del editor, distribuidor, etc. Renacimiento,
Fecha de publicación, distribución, etc. [2015]
300 ## - DESCRIPCIÓN FÍSICA
Extensión 595 p., [24] p. de lám. :
Otras características físicas il. ;
Dimensiones 21 cm.
490 1# - MENCIÓN DE SERIE
Mención de serie Biblioteca de la memoria.
-- Serie menor ;
Designación de volumen o secuencia 25
500 ## - NOTA GENERAL
Nota general Índice.
504 ## - NOTA DE BIBLIOGRAFÍA, ETC.
Nota de bibliografía, etc. Bibliografía: p. 569-579.
505 8# - NOTA DE CONTENIDO CON FORMATO
Nota de contenido con formato Contiene: Anexo I ;
Título Producción literaria de Enrique Jardiel Poncela
600 17 - PUNTO DE ACCESO ADICIONAL DE MATERIA--NOMBRE DE PERSONA
Nombre de persona Jardiel Poncela, Enrique-
Subdivisión general Biografías.
9 (RLIN) 66114
600 17 - PUNTO DE ACCESO ADICIONAL DE MATERIA--NOMBRE DE PERSONA
Nombre de persona Jardiel Poncela, Enrique-
Subdivisión general Crítica e interpretación.
9 (RLIN) 158250
740 02 - ENTRADA AGREGADA--TÍTULO RELACIONADO/ANALÍTICO NO CONTROLADO
Título relacionado o analítico no controlado Producción literaria de Enrique Jardiel Poncela.
830 0# - PUNTO DE ACCESO ADICIONAL DE SERIE-TÍTULO UNIFORME
Título uniforme Biblioteca de la memoria.
-- Serie menor ;
Designación de volumen o secuencia 25
9 (RLIN) 222819
852 ## - LOCALIZACIÓN
Ubicación ES-MaACL
Número de control de estantería A-13657
itemnumber 191767
Sublocalización o colección R.150866
Ubicación en estantería Depósito 1
Signatura antigua Olim: N-6657
Donativo/Legado Donación: Víctor Olmos
903 ## - NOMBRE PERSONAL DE DONANTE
a Olmos, Víctor,
d 1935-
e Donante
9 86991
942 ## - ELEMENTOS DE ENTRADA SECUNDARIOS (KOHA)
Fuente del sistema de clasificación o colocación Clasificación decimal universal
Tipo de ítem Koha Libro impreso
Holdings
Estatus retirado Estado de pérdida Fuente del sistema de clasificación o colocación Estado de daño No para préstamo Biblioteca de origen Biblioteca actual Ubicación en estantería Fecha de adquisición Fuente de adquisición Número de control de estantería Total de préstamos Signatura topográfica completa Código de barras Visto por última vez Precio de reemplazo Tipo de ítem Koha
    Clasificación decimal universal     Biblioteca del Ateneo de Madrid Biblioteca del Ateneo de Madrid Depósito 1 27/11/2015 Donación 1   A-13657 1194537 23/02/2023 23/02/2023 Libro impreso